Βιβλιογραφία Κ.Π. Καβάφη 1886-2000

Αποθηκεύτηκε σε:
Λεπτομέρειες βιβλιογραφικής εγγραφής
Κύριος συγγραφέας: Δασκαλόπουλος, Δημήτρης, 1939-
Μορφή: Βιβλίο
Γλώσσα:Greek
Δημοσίευση: Θεσσαλονίκη : Κέντρο Ελληνικής Γλώσσας, 2003
Θέματα:
Ετικέτες: Προσθήκη ετικέτας
Δεν υπάρχουν, Καταχωρήστε ετικέτα πρώτοι!

MARC

LEADER 00000cam a2200000 i 4500
001 1/72752
008 080128s2003 gre d
020 |a 960-7779-32-0 (hbk.) 
035 |l 10094198 
040 |a GR-MY-UA  |b gre  |e aacr 
041 0 |a gre 
082 0 |a 889.1  |2 (22) 
100 1 |a Δασκαλόπουλος, Δημήτρης,   |d 1939- 
245 1 0 |a Βιβλιογραφία Κ.Π. Καβάφη 1886-2000 /  |c Δημήτρης Δασκαλόπουλος 
260 |a Θεσσαλονίκη :   |b Κέντρο Ελληνικής Γλώσσας,   |c 2003 
300 |a 1269 σ.;  |b φωτ., σχέδια;  |c 25 εκ. 
504 |a Περιλαμβάνει ευρετήριο 
600 1 0 |a Καβάφης, Κωνσταντίνος Π.,   |d 1863-1933. 
650 0 0 |a Poets, Greek  |x History and criticism. 
650 0 0 |a Greek poetry. 
650 0 0 |a Greek literature  |x History and criticism. 
852 |a INST  |b RHODES  |e 20080128  |h 889.1 ΔΑΣ  |p 005400030148  |q 005400030148  |t BK  |y 0 
852 |a INST  |b RHODES  |e 20120911  |h 889.1 ΔΑΣ  |p 005400034523  |q 005400034523  |t BK  |y 0 
901 |a BIBL4-2008-1 
901 |a BIBL4-2012-09 
909 |a Ρ  |b 144444 
909 |a Ρ  |b 171157 
922 |a 4ΕΛΗ  |b 200801  |c ΕΠΕΑΕΚ2/ΠΤΔΕ  |d Σ. ΠΑΤΑΚΗΣ 
970 |a ΧΑΡΙΟΠΟΛΙΤΟΥ  |b ΚΩΝΣΤΑΝΤΙΝΑ  |z 2008/01/28